Statistiques concernant Focus sur: Arachne - Tolkien

Cliquez ici pour prendre le quiz!

Statistiques générales

  • Ce quiz a été pris 41 fois
  • Le résultat moyen est 5 sur 9

Statistiques - réponses

Informations recherchéesRéponses% Correct
Ages durant lequel elle vécutPremier/Deuxième/Troisième (au moins)
95%
Autre traduction du nomAraigne
92%
ContréeCirith Ungol
92%
EspèceAraignée géante
79%
Première apparitionLe Seigneur des Anneaux: Les Deux Tours
61%
MèreUngoliant
61%
Contrée (antérieurement)Vallée de Dungortheb (Beleriand)
26%
SurnomLa Guetteuse
8%
Autre nom (film)Morghule
5%

Distribution des résultats

Percentile par nombre de réponses

% des personnes avec chaque résultat

Votre développement - résultats

Vous n’avez pas pris ce quiz